"Para la libertad nos ha liberado" : acercamientos para desatar los nudos de la expiación y la conciencia gay /

I tiakina i:
Ngā taipitopito rārangi puna kōrero
Kaituhi matua: Alison, James (autor)
Hōputu: Pukapuka
Reo:Pāniora
I whakaputaina: México : Sistema Universitario Jesuita : Fideicomiso Fernando Bustos Barrena SJ, 2008, c2008
Ngā Tūtohu: Tāpirihia he Tūtohu
Kāore He Tūtohu, Me noho koe te mea tuatahi ki te tūtohu i tēnei pūkete!

MARC

LEADER 00000nam^a2200000^a^4500
001 000596930
005 20250521000000.0
009 20260310133116.986
020 |a 978-968-9524-13-7 
037 |a Acervo Xavier Clavigero 
041 |a ESP 
091 |a FDU. 00904 
100 |a Alison, James  |e (autor) 
240 1 1 |a ["Para la libertad nos ha liberado": acercamientos para desatar los nudos de la expiación y la conciencia gay] 
245 1 0 |a "Para la libertad nos ha liberado" :  |b acercamientos para desatar los nudos de la expiación y la conciencia gay / 
264 4 |a México :  |b Sistema Universitario Jesuita :  |b Fideicomiso Fernando Bustos Barrena SJ,  |c 2008, c2008 
300 |a 99 p. 
336 |a texto  |b txt  |2 rdacontenido 
337 |a sin mediación  |b n  |2 rdamedio 
338 |a volumen  |b nc  |2 rdasoporte 
649 |a XX 
910 |a Fondo Víctor Raúl Durana Valerio S.J. 
920 |a Impresos - Libros 
930 |a Fondos Especiales 
905 |a 116 
901 |a 596930-10  |b IT2  |c ESP  |i D3634  |u 20250521 
901 |a 596930-20  |b IT2  |c ESP  |i D4557  |u 20250521 
902 |a https://opac.biblio.iteso.mx/vufind/Record/000596930